Centered state capitals Quiz Stats

 Plays Quiz not verified by Sporcle

Challenge
Share
Tweet
Embed
Score 0/14 Timer 03:00
0 Plays Today
The geographic center of the state is at Capital % Correct
25 miles NNE of Columbus
82.5%
14 miles NNW of Indianapolis
81.2%
11 miles S of Dover
80.9%
12 miles SSW of Providence
80.9%
10 miles S ofHartford
75.8%
8 miles NE of Pierre
75.1%
28 miles NE ofSpringfield
74.9%
The geographic center of the state is at Capital % Correct
8 miles N ofOklahoma City
73.9%
12 miles SSW of Montpelier
72.2%
13 miles SE of Columbia
71%
12 miles NW of Little Rock
70.3%
20 miles SW of Jefferson City
69.6%
5 miles SE ofTrenton
66.9%
11 miles W ofAnnapolis
66%

You're not logged in!

Compare scores with friends on all Sporcle quizzes.
Join for Free
OR
Log In

You Might Also Like...

Show Comments

Extras

Top Quizzes Today


Score Distribution

Your Account Isn't Verified!

In order to create a playlist on Sporcle, you need to verify the email address you used during registration. Go to your Sporcle Settings to finish the process.

Report this User

Report this user for behavior that violates our Community Guidelines.

Details: